| 000 | 00682cam a22001934a 4500 | ||
|---|---|---|---|
| 005 | 20250605164030.0 | ||
| 008 | 250528s ||||||||||||||||||||||||d | ||
| 035 | _a16603 | ||
| 020 | _a273032763 | ||
| 040 |
_aGR-AtMCL _bgre _dGR-AtMCL _eAACR2 |
||
| 245 | 1 | _aQuantitative Methods / A Distance Learning Programme: Module 12-15 | |
| 250 | _a1st | ||
| 260 |
_bFt Knowledge, _c2000 |
||
| 520 | _aIntroduction, Multiple Regression Analysis, Non-Linear Regression Analysis, Statistical Basis of Regression and Correlation, Regression Analysis Summary, Concluding Remarks, Review Questions. | ||
| 700 | 1 |
_aTargett David _91152 |
|
| 942 | _cBK | ||
| 999 |
_c2085 _d2085 |
||